书目信息 |
| 题名: |
黏滞阻尼减震结构分析及设计方法
|
|
| 作者: | 郑久建 , 孟凡兴 , 刘瑞勇 著 | |
| 分册: | ||
| 出版信息: | 沈阳 东北大学出版社 2009.12 |
|
| 页数: | 159页 | |
| 开本: | 21cm | |
| 丛书名: | ||
| 单 册: | ||
| 中图分类: | O328 | |
| 科图分类: | ||
| 主题词: | 阻尼减振--zu ni jian zhen--设计 , 阻尼减振--zu ni jian zhen--结构分析 | |
| 电子资源: | ||
| ISBN: | 978-7-81102-778-5 | |
| 000 | 01040nam0 2200277 450 | |
| 001 | 012010311325 | |
| 005 | 20100413171924.68 | |
| 010 | @a978-7-81102-778-5@dCNY18.00 | |
| 100 | @a20100413d2009 em y0chiy0120 ea | |
| 101 | 0 | @achi |
| 102 | @aCN@b210000 | |
| 105 | @aak a 000yy | |
| 106 | @ar | |
| 200 | 1 | @a黏滞阻尼减震结构分析及设计方法@Anian zhi zu ni jian zhen jie gou fen xi ji she ji fang fa@f郑久建, 孟凡兴, 刘瑞勇著@Fzheng jiu jian,meng fan xing,liu rui yong zhu |
| 210 | @a沈阳@c东北大学出版社@d2009.12 | |
| 215 | @a159页@c图@d21cm | |
| 320 | @a有书目 (第149-158页) | |
| 330 | @a本书主要研究了设置黏滞阻尼器的减震结构的特性、分析方法和设计方法。内容包括:引论、减震结构的时程分析法、减震结构的反应谱分析法等。 | |
| 606 | 0 | @a阻尼减振@Azu ni jian zhen@x设计 |
| 606 | 0 | @a阻尼减振@Azu ni jian zhen@x结构分析 |
| 690 | @aO328@v4 | |
| 701 | 0 | @a郑久建@Azheng jiu jian@4著 |
| 701 | 0 | @a孟凡兴@Ameng fan xing@4著 |
| 701 | 0 | @a刘瑞勇@Aliu rui yong@4著 |
| 801 | 0 | @aCN@bQSSK@c20100413 |
| 905 | @b777878-80@dO328@eZ436@f3 | |
| 黏滞阻尼减震结构分析及设计方法/郑久建, 孟凡兴, 刘瑞勇著.-沈阳:东北大学出版社,2009.12 |
| 159页:图;21cm |
| ISBN 978-7-81102-778-5:CNY18.00 |
| 本书主要研究了设置黏滞阻尼器的减震结构的特性、分析方法和设计方法。内容包括:引论、减震结构的时程分析法、减震结构的反应谱分析法等。 |
| ● |
| 相关链接 |
|
|
|
正题名:黏滞阻尼减震结构分析及设计方法
索取号:O328/Z436
 
预约/预借
| 序号 | 登录号 | 条形码 | 馆藏地/架位号 | 状态 | 备注 |
| 1 | 777878 | 207778788 | 自科库401/401自科库 52排2列2层/ [索取号:O328/Z436] | 在馆 | |
| 2 | 777879 | 207778797 | 自科库401/401自科库 52排2列2层/ [索取号:O328/Z436] | 在馆 | |
| 3 | 777880 | 207778804 | 自科库401/401自科库 52排2列2层/ [索取号:O328/Z436] | 在馆 |